Responses for Show #6012 - Tuesday, November 2, 2010

Contestants

[<< previous game]

Jocelyn Casser, a stay-at-home mom from Baltimore, Maryland

Dave Ellis, a singer-songwriter from Los Angeles, California

Silvio Menzano, a psychologist and university counseling center director from Washington, D.C. (whose 1-day cash winnings total $10,300)

[next game >>]

Jeopardy! Round responses

THE ARTS
HAVING A BALL
ALEX TREBEK, LOVE GOD
MEDAL OF HONOR CITATIONS
A FEW CARS
ON THE "L-I-E"
    $200 11
Greenwich Village

Jocelyn
    $200 14
(Jocelyn: What are bowling pins?)

billiard balls

DaveJocelyn
    $200 19
(Jocelyn: What is Rome?)

Paris

SilvioJocelyn
    $200 26
grenade

Dave
    $200 4
Ford

Dave
    $200 1
relief pitcher

Jocelyn
    $400 12
Peter Pan

Jocelyn
    $400 15
(Silvio: What is yellow? ...And...)
(Dave: What is green or yellow?)
...
(Alex: The two colors are [*]. We needed both, Silvio, and you looked so comfortable, but you just gave us one of them.)

white & yellow

SilvioDave
Triple Stumper
    $400 20
Cupid

Dave
    $400 27
his horse

Dave
    $400 5
Buick

Dave
    $400 2
lieutenant

Silvio
    $600 13
charcoal

Dave
    $600 16
a football

Dave
    $600 21
the Casbah

Silvio
    $600 28
(Daniel) Inouye

Dave
    $600 6
Oldsmobile

Triple Stumper
    $600 3
inalienable

Dave
    $800 24
Creative Artists

Dave
    $800 17
a volleyball

Dave
    $800 22
Godiva

Dave
    $800 29
James Doolittle

Triple Stumper
    $800 7
(Silvio: What is Ford?)

Toyota

SilvioDave
    $800 9
applied

Silvio
    $1000 25
still life

Dave
    $1000 18
soccer

Dave
    $1000 23
FTD

Dave
    $1,000 30
the Battle of the Bulge

Dave
    $1000 8
Dodge

Triple Stumper
    $1000 10
outlier

Triple Stumper

Scores at the first commercial break (after clue 15):

Silvio Dave Jocelyn
$0 $2,400 $600

Scores at the end of the Jeopardy! Round:

Silvio Dave Jocelyn
$800 $11,000 $400

Double Jeopardy! Round responses

PERCY BYSSHE SHELLEY
OSCAR-WINNING DIRECTORS OF THE '60s
WELCOME TO MY COUNTRY
BONES HUMANA
ITALIAN WORDS & PHRASES
THERE'S ONLY ONE...
    $400 26
(Jocelyn: What is heaven?)

God

DaveJocelyn
    $400 10
(Dave: Who is Olivier?)

David Lean

Dave
Triple Stumper
    $400 9
Chile

Dave
    $400 1
ribs

Dave
    $400 4
(Jocelyn: What is fast?)

early

SilvioJocelyn
    $400 15
Aeroflot

Triple Stumper
    $100 27
(Dave: What is winter?)

the West Wind

Dave
    $800 11
(Dave: Who is Simon?)

Billy Wilder

Dave
Triple Stumper
    $800 22
Mongolia

Dave
    $800 2
(Jocelyn: What is the skull?)

the nasal cavity

Jocelyn
Triple Stumper
    $800 5
a headache

Silvio
    $800 16
a basketball coach

Triple Stumper
    $1200 28
Mont Blanc

Triple Stumper
    $1200 12
Mike Nichols

Dave
    $1200 23
Denmark

Jocelyn
    $1200 3
the skull

Silvio
    $1200 6
gray

Silvio
    $1200 17
Tallinn

Jocelyn
    $1600 29
(Silvio: Who is Atlas?)

Prometheus

SilvioJocelyn
    $1600 13
Tony Richardson

Triple Stumper
    $1600 24
Pakistan

Dave
    $1600 20
meta-

Dave
    $1600 7
"I'm sorry"

Silvio
    $1600 18
(Jocelyn: Who is Powell?)

George C. Marshall

Jocelyn
Triple Stumper
    $2000 30
(Silvio: What is "To a Nightingale"?)

a skylark

Silvio
Triple Stumper
    $2000 14
Robert Wise

Triple Stumper
    $2,000 25
(Dave: What is Turkey?)

Romania

Dave
    $2000 21
cuneiform

Triple Stumper
    $2000 8
Easter

Silvio
    $2000 19
the Sears Tower

Dave

Scores at the end of the Double Jeopardy! Round:

Silvio Dave Jocelyn
$4,400 $16,100 $1,200
(lock game)

[wagering suggestions for these scores]

Final Jeopardy! Round responses

CHARACTERS IN NOVELS
JocelynWho is ?
$1,199
SilvioWho is ?
$4,400
DaveWho is ?
$100
Harry "Rabbit" Angstrom

Final scores:

Silvio Dave Jocelyn
$0 $16,000 $1
3rd place: $1,000 New champion: $16,000 2nd place: $2,000

Game dynamics:

Coryat scores:

Silvio Dave Jocelyn
$4,400 $18,200 $1,200
10 R,
4 W
26 R
(including 1 DD),
5 W
(including 2 DDs)
6 R,
6 W

Combined Coryat: $23,800

[game clues] [game scores] [suggest correction]

Game tape date: 2010-08-24
The J! Archive is created by fans, for fans. Scraping, republication, monetization, and malicious use prohibited; this site may use cookies and collect identifying information. See terms. The Jeopardy! game show and all elements thereof, including but not limited to copyright and trademark thereto, are the property of Jeopardy Productions, Inc. and are protected under law. This website is not affiliated with, sponsored by, or operated by Jeopardy Productions, Inc. Join the discussion at JBoard.tv.